000 00474nam a22001817a 4500
003 OSt
005 20260306140648.0
008 260306b |||||||| |||| 00| 0 eng d
020 _a9789357317504
082 _a954.8201
_bSOWD
100 _aSowmiya, Ashok
245 _aDig: keeladi and the politics of India 's past
260 _aGurugram
_bHachette Book Publishing India Pvt.Ltd.
_c2025
300 _a307p
546 _aEnglish
650 _aHistory
942 _2ddc
_cBK
999 _c3950
_d3950